Classical and quantum mental models and Freud's theory of unconscious/conscious mind / (Record no. 121811)
[ view plain ]
| 000 -LEADER | |
|---|---|
| fixed length control field | 01583cam a2200361 a 4500 |
| 001 - CONTROL NUMBER | |
| control field | 14392010 |
| 003 - CONTROL NUMBER IDENTIFIER | |
| control field | ARRUPE |
| 005 - DATE AND TIME OF LATEST TRANSACTION | |
| control field | 20150120142433.0 |
| 008 - FIXED-LENGTH DATA ELEMENTS--GENERAL INFORMATION | |
| fixed length control field | 060526s2002 sw 000 0 eng |
| 010 ## - LIBRARY OF CONGRESS CONTROL NUMBER | |
| LC control number | 2006401984 |
| 020 ## - INTERNATIONAL STANDARD BOOK NUMBER | |
| International Standard Book Number | 9176363155 |
| 035 ## - SYSTEM CONTROL NUMBER | |
| System control number | (CStRLIN)PASGA2730256-B |
| 040 ## - CATALOGING SOURCE | |
| Original cataloging agency | PSt |
| Transcribing agency | PSt |
| Modifying agency | DLC |
| 042 ## - AUTHENTICATION CODE | |
| Authentication code | lccopycat |
| 050 00 - LIBRARY OF CONGRESS CALL NUMBER | |
| Classification number | BF441 |
| Item number | .K445 2002 |
| 300 ## - PHYSICAL DESCRIPTION | |
| Dimensions | 24 cm. |
| 100 1# - MAIN ENTRY--PERSONAL NAME | |
| Personal name | Khrennikov, A. I︠U︡. |
| Fuller form of name | (Andreĭ I︠U︡rʹevich), |
| Dates associated with a name | 1958- |
| 9 (RLIN) | 14372 |
| 245 10 - TITLE STATEMENT | |
| Title | Classical and quantum mental models and Freud's theory of unconscious/conscious mind / |
| Statement of responsibility, etc | Andrei Khrennikov. |
| 246 14 - VARYING FORM OF TITLE | |
| Title proper/short title | Classical and quantum mental models and Freud's theory of unconscious mind |
| 260 ## - PUBLICATION, DISTRIBUTION, ETC. (IMPRINT) | |
| Place of publication, distribution, etc | [Växjö, Sweden] : |
| Name of publisher, distributor, etc | Växjö University Press, |
| Date of publication, distribution, etc | [2002?] |
| 300 ## - PHYSICAL DESCRIPTION | |
| Extent | xix, 207 p. ; |
| 490 0# - SERIES STATEMENT | |
| Series statement | Series mathematical modelling in physics, engineering, and cognitive sciences ; |
| Volume number/sequential designation | v. 1 |
| 504 ## - BIBLIOGRAPHY, ETC. NOTE | |
| Bibliography, etc | Includes bibliographical references (p. 199-207) |
| 600 10 - SUBJECT ADDED ENTRY--PERSONAL NAME | |
| Personal name | Freud, Sigmund, |
| Dates associated with a name | 1856-1939 |
| 9 (RLIN) | 14373 |
| 650 #0 - SUBJECT ADDED ENTRY--TOPICAL TERM | |
| Topical term or geographic name as entry element | Thought and thinking |
| General subdivision | Mathematical models. |
| 9 (RLIN) | 14374 |
| 650 #0 - SUBJECT ADDED ENTRY--TOPICAL TERM | |
| Topical term or geographic name as entry element | Cognition |
| General subdivision | Mathematical models. |
| 9 (RLIN) | 14375 |
| 650 #0 - SUBJECT ADDED ENTRY--TOPICAL TERM | |
| Topical term or geographic name as entry element | Quantum theory. |
| 9 (RLIN) | 14376 |
| 650 #0 - SUBJECT ADDED ENTRY--TOPICAL TERM | |
| Topical term or geographic name as entry element | Subconsciousness. |
| 9 (RLIN) | 11491 |
| 650 #0 - SUBJECT ADDED ENTRY--TOPICAL TERM | |
| Topical term or geographic name as entry element | Consciousness. |
| 9 (RLIN) | 14377 |
| 906 ## - LOCAL DATA ELEMENT F, LDF (RLIN) | |
| a | 7 |
| b | cbc |
| c | copycat |
| d | 3 |
| e | ncip |
| f | 20 |
| g | y-gencatlg |
| 942 ## - ADDED ENTRY ELEMENTS (KOHA) | |
| Source of classification or shelving scheme | Library of Congress Classification |
| Koha item type | Monograph ( Printed materials) |
| Withdrawn status | Lost status | Source of classification or shelving scheme | Damaged status | Not for loan | Collection code | Home library | Current library | Shelving location | Date acquired | Total Checkouts | Full call number | Barcode | Date last seen | Price effective from | Koha item type |
|---|---|---|---|---|---|---|---|---|---|---|---|---|---|---|---|
| Library of Congress Classification | Main Collection | ARRUPE LIBRARY | ARRUPE LIBRARY | Main Collection | 20/01/2015 | BF441 .K445 2002 | 46500003114 | 12/09/2016 | 20/01/2015 | Monograph ( Printed materials) |